000 00213 a2200097 4500
001 14032
100 _aGoldsmith
245 _aThe canterbury poets
260 _aLondon
_bWalter seot pubs
_c
090 _c10989
_d10989
942 _aNUST-CAE
_cM
_c1101
999 _c249105
_d249105